000 01270nam0a2200337 4500
001 RU\NLR\bibl\452682
005 20260531064119.0
010 _a5-8112-0347-0
_97000
021 _aRU
_b2003-50313
_92430
035 _a(NLR Aleph) 000446302
090 _a845651
_c845651
100 _a20031029d2003 |||y0rusy50 ca
101 0 _arus
102 _aRU
105 _aa |||||||||
200 1 _aКак научить ребенка считать
_fОльга и Сергей Федины
205 _a3-е изд.
210 _aМ.
_cАйрис Пресс
_d2003
215 _a249, [1] с.
_cил.
_d24
225 1 _aВнимание: дети!
606 0 _aДошкольники
_xОзнакомление со счетом
_91028133
_3RU\NLR\auth\66393851
686 _aЧ491.7
700 1 _4070
_8rus
_7ca
_aФедин
_bС. Н.
_cканд. физ.-мат. наук, литератор
_gСергей Николаевич
_3RU\NLR\auth\7718601
_91677
701 1 _4070
_8rus
_7ca
_aФедина
_bО. В.
_cпедагог
_gОльга Викторовна
_3RU\NLR\auth\7718603
_91679
801 0 _aRU
_bNLR
_c20031029
_gPSBO
801 1 _aRU
_bNLR
_c20031029
830 _aавт. по кн.
942 _cBOOK
980 _aNB